Statystyki dla Państwa leżące najbliżej Morza Egejskiego

Kliknij tutaj aby rozwiązać quiz!

Ogólne statystyki

  • Ten quiz został rozwiązany 2,731 razy
  • Średni wynik to 17 z 20

Statystyki odpowiedzi

km Kraj % poprawnych
0Grecja
98%
0Turcja
97%
343Włochy
93%
30Bułgaria
91%
403Chorwacja
91%
191Serbia
90%
131Albania
89%
293Rumunia
89%
57Macedonia Północna
87%
386Egipt
86%
209Kosowo
85%
411Bośnia i Hercegowina
85%
312Czarnogóra
84%
396Cypr
83%
547Mołdawia
77%
637Węgry
76%
535Ukraina
75%
289Libia
71%
681Syria
67%
699Rosja
64%

Rozkład punktacji

Percentyl według liczby udzielonych odpowiedzi

Procent ludzi z każdym wynikiem

Twoja historia wyników

Nie rozwiązałeś tego quizu